00418nam a2200157Ia 4500008004100000020001800041082001600059100001600075245004800091250000700139260004200146300002300188500001900211600001500230650001500245240925s9999 xx 000 0 und d a9788126558193 a658.301 PEA aPease, Gene 0aOptimize Your Greatest Assest - your people aNA aNew Delhi:bJohn Wiley & Sonsc,2016. a386p.b0fOriginal aIncludes Index aManagement aManagement